| 000 | 00753nam a2200229Ia 4500 | ||
|---|---|---|---|
| 999 |
_c50876 _d50876 |
||
| 001 | 17831 | ||
| 003 | GE_BSU | ||
| 005 | 20200226110146.0 | ||
| 008 | 181216s2007en xx |||||||||||||| ||eng|| | ||
| 020 | _a9780582825178 | ||
| 040 | _cGE_BSU | ||
| 080 | _a811.111(075.8) C-94 | ||
| 100 |
_aCunningham, Sarah. _91654 |
||
| 245 |
_aCutting EDGE. New. Intermediate. Students book : _bIntermediate. Students book. with mini-dictionary / _cSarah Cunningham ; Peter Moor,. |
||
| 264 |
_aEdinburg : _bPearson Longman, _c2005. |
||
| 300 |
_a176 p.: _c28 cm. |
||
| 653 | _aCutting EDGE | ||
| 653 | _aIntermediate. Students book. with mini-dictionary | ||
| 653 | _aინგლისური ენა | ||
| 700 |
_aMoor, Peter _91658 |
||
| 942 |
_cBK _2udc |
||